000 00381 a2200145 4500
001 58684
020 _a857026321X
040 _cAnchieta - Pituba
240 1 0 _aEnciclopédia Mirador internacional
_lpor
245 1 0 _aEnciclopédia Mirador internacional
300 _a
362 0 _a1995
650 4 _aObras enciclopédicas gerais de línguas espanhola e portuguesa
942 _cBK
999 _c58684
_d58684